000 00732cam a2200265 4500500
005 20260405003203.0
041 _afre
042 _adc
100 1 0 _aN’Diaye, Aïda
_eauthor
245 0 0 _aChange-t-on avec le temps ?
260 _c2020.
500 _a66
690 _aBlaise Pascal
690 _achangement
690 _aChantal Jaquet
690 _aJudith Butler
690 _aParménide
690 _aPascal
690 _aQualité
690 _aTemps
690 _aTransclasse
690 _aVictor Hugo
786 0 _nPhilosophie magazine | 145 | 1 | 2020-12-01 | p. 67-71 | 1951-1787
856 4 1 _uhttps://shs.cairn.info/magazine-philosophie-magazine-2020-12-1-page-67?lang=fr&redirect-ssocas=7080
999 _c2065141
_d2065141